[Event "HUN-chT2 Toth 1819"]
[Site "Hungary"]
[Date "2019.02.24"]
[Round "8.2"]
[White "Egyed, Gabor"]
[Black "Donko, Matyas"]
[Result "1-0"]
[WhiteElo "2138"]
[BlackElo "1928"]
[PlyCount "73"]
[EventDate "2018.09.23"]
[EventType "team-tourn"]
[EventRounds "11"]
[EventCountry "HUN"]
[SourceTitle "EXT 2021"]
[Source "ChessBase"]
[SourceDate "2020.10.23"]
[SourceVersion "1"]
[SourceVersionDate "2020.10.23"]
[SourceQuality "1"]
[WhiteTeam "Karcag"]
[BlackTeam "Kecskemet Takisz"]
[WhiteTeamCountry "HUN"]
[BlackTeamCountry "HUN"]

1. e4 c5 2. Nf3 g6 3. d4 Bg7 4. Nc3 Qa5 5. Be3 Nf6 6. Qd2 0-0 7. Be2 cxd4 8. Nxd4 Nc6 9. Nb3 Qc7 10. h4 d6 11. h5 Be6 12. Bh6 a6 13. Bxg7 Kxg7 14. Nd5 Bxd5 15. exd5 Ne5 16. hxg6 Nxg6 17. Nd4 Rg8 18. Qh6+ Kh8 19. g4 Rg7 20. Nf5 Rag8 21. 0-0-0 Qc5 22. f4 Qf2 23. Nxg7 Rxg7 24. f5 Nf4 25. Bc4 Nxg4 26. Qh4 Qe3+ 27. Rd2 Ne5 28. f6 exf6 29. Re1 Rg1 30. Bf1 Ne2+ 31. Kd1 Qf3 32. Bxe2 Rxe1+ 33. Qxe1 Qf4 34. Qf1 Qg5 35. Qh3 f5 36. Bf1 h5 37. Rh2 1-0

[Event "HUN-chT2 Toth 1617"]
[Site "Hungary"]
[Date "2017.01.29"]
[Round "7.4"]
[White "Hajdu, Sandor2222"]
[Black "Donko, Matyas"]
[Result "1/2-1/2"]
[WhiteElo "2005"]
[BlackElo "1954"]
[PlyCount "47"]
[EventDate "2016.09.25"]
[EventType "team-tourn"]
[EventRounds "11"]
[EventCountry "HUN"]
[SourceTitle "EXT 2021"]
[Source "ChessBase"]
[SourceDate "2020.10.23"]
[SourceVersion "1"]
[SourceVersionDate "2020.10.23"]
[SourceQuality "1"]
[WhiteTeam "Szentes Integral"]
[BlackTeam "Kecskemet Takisz"]
[WhiteTeamCountry "HUN"]
[BlackTeamCountry "HUN"]

1. e4 c5 2. Nf3 g6 3. c3 Bg7 4. d4 cxd4 5. cxd4 d5 6. exd5 Nf6 7. Nc3 0-0 8. Bc4 Nbd7 9. Ne5 Nb6 10. Qf3 Nxc4 11. Nxc4 Bf5 12. 0-0 b5 13. Ne3 b4 14. Nxf5 bxc3 15. Ne3 cxb2 16. Bxb2 Qa5 17. Rfc1 Rac8 18. Rc5 Rxc5 19. dxc5 Qxc5 20. Rc1 Qa5 21. d6 Qd8 22. dxe7 Qxe7 23. g3 Rd8 24. Bxf6 1/2-1/2

[Event "HUN-chT2 Toth 1617"]
[Site "Hungary"]
[Date "2016.11.27"]
[Round "5.4"]
[White "Magi, Tibor"]
[Black "Donko, Matyas"]
[Result "0-1"]
[WhiteElo "1875"]
[BlackElo "1954"]
[PlyCount "118"]
[EventDate "2016.09.25"]
[EventType "team-tourn"]
[EventRounds "11"]
[EventCountry "HUN"]
[SourceTitle "EXT 2021"]
[Source "ChessBase"]
[SourceDate "2020.10.23"]
[SourceVersion "1"]
[SourceVersionDate "2020.10.23"]
[SourceQuality "1"]
[WhiteTeam "Nadudvar"]
[BlackTeam "Kecskemet Takisz"]
[WhiteTeamCountry "HUN"]
[BlackTeamCountry "HUN"]

1. d4 Nf6 2. Nf3 e6 3. Bg5 d5 4. Nbd2 Be7 5. c3 0-0 6. Qc2 b6 7. e3 c5 8. b3 Bb7 9. Bd3 h6 10. Bf4 Nc6 11. h4 Rc8 12. Qd1 Bd6 13. Ne5 Qc7 14. Ndf3 Nd7 15. Nxc6 Bxc6 16. Bxd6 Qxd6 17. Rc1 f5 18. Qe2 Rce8 19. h5 e5 20. Nh4 e4 21. Bb5 f4 22. Bxc6 Qxc6 23. Ng6 f3 24. gxf3 Rxf3 25. Kd2 Qf6 26. Rh2 Kh7 27. Rg2 Nf8 28. Nf4 Qf5 29. Rcg1 Re7 30. Kc2 Rf7 31. Kb2 Ne6 32. Nxe6 Qxe6 33. dxc5 bxc5 34. Rf1 Qf6 35. Qd2 Qe5 36. Rh1 Qf5 37. Rhh2 Qe5 38. Ka3 R7f5 39. b4 d4 40. Kb3 c4+ 41. Kb2 d3 42. Qd1 a5 43. a3 axb4 44. axb4 Qb5 45. Qa1 Qe5 46. Ka3 Qe7 47. Kb2 Qf7 48. Qg1 Rf6 49. Qe1 Qa7 50. Rg6 Qa4 51. Rhg2 Qc2+ 52. Ka1 Rxg6 53. hxg6+ Kg8 54. Qb1 Qxc3+ 55. Qb2 Qe1+ 56. Qb1 Qe2 57. b5 Rf8 58. Qa2 Qd1+ 59. Kb2 Qc2+ 0-1

[Event "HUN-chT2 Toth 1516"]
[Site "Hungary"]
[Date "2015.10.18"]
[Round "3.4"]
[White "Tenk, Zoltan"]
[Black "Donko, Matyas"]
[Result "1-0"]
[WhiteElo "1950"]
[BlackElo "1956"]
[PlyCount "87"]
[EventDate "2015.09.13"]
[EventType "team-tourn"]
[EventRounds "11"]
[EventCountry "HUN"]
[SourceTitle "CBM 170 Extra"]
[Source "ChessBase"]
[SourceDate "2016.02.25"]
[SourceVersion "1"]
[SourceVersionDate "2016.02.25"]
[SourceQuality "1"]
[WhiteTeam "Maroczy II"]
[BlackTeam "Takisz"]
[WhiteTeamCountry "HUN"]
[BlackTeamCountry "HUN"]

1. d4 Nf6 2. Nf3 d5 3. e3 e6 4. c4 Bb4+ 5. Bd2 a5 6. Nc3 0-0 7. Be2 Nbd7 8. 0-0 Re8 9. Rc1 c6 10. a3 Bd6 11. c5 Bc7 12. b4 axb4 13. axb4 e5 14. dxe5 Nxe5 15. b5 Bf5 16. b6 Bb8 17. Nd4 Bg6 18. f4 Nd3 19. f5 Nxc1 20. Bxc1 Qe7 21. fxg6 hxg6 22. Na4 Ne4 23. Qc2 Qh4 24. Nf3 Qh6 25. Bd3 g5 26. h3 f5 27. Bxe4 dxe4 28. Nd4 g6 29. Qc4+ Kh7 30. Bb2 Be5 31. Nc3 Re7 32. Nxe4 fxe4 33. Nxc6 bxc6 34. Bxe5 Rf8 35. Rxf8 Qxf8 36. Bd6 Qf7 37. Qxf7+ Rxf7 38. Bc7 Kg7 39. b7 Rxc7 40. b8Q Rf7 41. Qd6 Rf6 42. Qe7+ Rf7 43. Qxe4 Rf6 44. Qe8 1-0

[Event "HUN-chT2 Toth 1415"]
[Site "Hungary"]
[Date "2015.03.01"]
[Round "9.3"]
[White "Tamas, Kornel"]
[Black "Donko, Matyas"]
[Result "1/2-1/2"]
[WhiteElo "2006"]
[BlackElo "2022"]
[PlyCount "52"]
[EventDate "2014.09.07"]
[EventType "team-tourn"]
[EventRounds "11"]
[EventCountry "HUN"]
[SourceTitle "EXT 2016"]
[Source "ChessBase"]
[SourceDate "2015.10.08"]
[SourceVersion "1"]
[SourceVersionDate "2015.10.08"]
[SourceQuality "1"]
[WhiteTeam "Gyula"]
[BlackTeam "Takisz"]
[WhiteTeamCountry "HUN"]
[BlackTeamCountry "HUN"]

1. d4 Nf6 2. Nf3 d5 3. g3 Bg4 4. Bg2 e6 5. 0-0 Be7 6. c4 0-0 7. Nc3 Nbd7 8. Ne5 c6 9. Nxg4 Nxg4 10. e4 Ngf6 11. exd5 cxd5 12. cxd5 exd5 13. Nxd5 Nxd5 14. Bxd5 Qb6 15. Qb3 Bf6 16. Be3 Bxd4 17. Bxd4 Qxd4 18. Rfd1 Qf6 19. Rac1 Ne5 20. f4 Ng4 21. h3 Nh6 22. Rc7 Rab8 23. Rxb7 Rxb7 24. Qxb7 Nf5 25. Qb3 h5 26. Kf2 Re8 1/2-1/2

[Event "HUN-chT2 Toth 1314"]
[Site "Hungary"]
[Date "2013.09.08"]
[Round "1.2"]
[White "Donko, Matyas"]
[Black "Egyed, Gabor"]
[Result "0-1"]
[WhiteElo "2083"]
[BlackElo "2072"]
[PlyCount "84"]
[EventDate "2013.09.08"]
[EventType "team-tourn"]
[EventRounds "11"]
[EventCountry "HUN"]
[SourceTitle "EXT 2016"]
[Source "ChessBase"]
[SourceDate "2015.10.08"]
[SourceVersion "1"]
[SourceVersionDate "2015.10.08"]
[SourceQuality "1"]
[WhiteTeam "Kecskemet Takisz"]
[BlackTeam "Karcag"]
[WhiteTeamCountry "HUN"]
[BlackTeamCountry "HUN"]

1. e4 c5 2. Nf3 d6 3. d4 cxd4 4. Nxd4 Nf6 5. Nc3 a6 6. Bg5 Nbd7 7. f4 Qb6 8. Nb3 e6 9. Bd3 Be7 10. Qd2 Qc7 11. 0-0-0 b5 12. Rhe1 0-0 13. g4 Nb6 14. e5 dxe5 15. fxe5 Nfd5 16. Ne4 Bb4 17. c3 Na4 18. Kb1 Bxc3 19. bxc3 Naxc3+ 20. Nxc3 Nxc3+ 21. Kb2 Nxd1+ 22. Qxd1 f6 23. exf6 gxf6 24. Bd2 Qd6 25. Qe2 Ra7 26. Qe4 Rd8 27. Bc2 Rg7 28. h3 Re8 29. Bc3 Rf7 30. Rd1 Qc7 31. Ba5 Bb7 32. Qe3 Qc4 33. Rd4 Qc8 34. g5 e5 35. Rd6 fxg5 36. Qxg5+ Rg7 37. Qh5 e4 38. Nd4 Rg2 39. Ka3 Kh8 40. Bb3 Qc1+ 41. Kb4 Qd2+ 42. Ka3 Qxa5+ 0-1

[Event "Kecskemet Caissa Rating 02"]
[Site "Kecskemet"]
[Date "2013.02.24"]
[Round "9"]
[White "Donko, Matyas"]
[Black "Lovas, Daniel"]
[Result "1/2-1/2"]
[WhiteElo "2096"]
[BlackElo "2134"]
[PlyCount "37"]
[EventDate "2013.02.16"]
[EventType "tourn"]
[EventRounds "10"]
[EventCountry "HUN"]
[SourceTitle "CBM 153 Extra"]
[Source "ChessBase"]
[SourceDate "2013.04.22"]
[SourceVersion "1"]
[SourceVersionDate "2013.04.22"]
[SourceQuality "1"]

1. e4 e5 2. Nf3 Nc6 3. Bb5 Nf6 4. 0-0 a6 5. Ba4 b5 6. Bb3 Be7 7. Re1 0-0 8. c3 d5 9. exd5 Nxd5 10. Nxe5 Nxe5 11. Rxe5 c6 12. d4 Bd6 13. Re1 Qh4 14. g3 Qh3 15. Qe2 Bg4 16. Qf1 Qxf1+ 17. Rxf1 Rfe8 18. Bxd5 cxd5 19. Be3 1/2-1/2

[Event "Kecskemet Caissa Rating 02"]
[Site "Kecskemet"]
[Date "2013.02.22"]
[Round "7"]
[White "Zsiros, Laszlo"]
[Black "Donko, Matyas"]
[Result "0-1"]
[WhiteElo "1867"]
[BlackElo "2096"]
[PlyCount "40"]
[EventDate "2013.02.16"]
[EventType "tourn"]
[EventRounds "10"]
[EventCountry "HUN"]
[SourceTitle "CBM 153 Extra"]
[Source "ChessBase"]
[SourceDate "2013.04.22"]
[SourceVersion "1"]
[SourceVersionDate "2013.04.22"]
[SourceQuality "1"]

1. e4 d5 2. exd5 Qxd5 3. c4 Qe4+ 4. Qe2 Qxe2+ 5. Bxe2 Nc6 6. Nf3 e5 7. 0-0 Bf5 8. Nc3 0-0-0 9. h3 Nge7 10. g4 Bd3 11. Re1 f6 12. Bxd3 Rxd3 13. Re3 Rd8 14. a3 Nd4 15. Ra2 Ng6 16. b4 Nf4 17. Kh2 h5 18. Nxd4 exd4 19. Rf3 Bd6 20. Ne4 Be5 0-1

[Event "Kecskemet Caissa Rating 02"]
[Site "Kecskemet"]
[Date "2013.02.18"]
[Round "2"]
[White "Donko, Matyas"]
[Black "Zsiros, Laszlo"]
[Result "1-0"]
[WhiteElo "2096"]
[BlackElo "1867"]
[PlyCount "41"]
[EventDate "2013.02.16"]
[EventType "tourn"]
[EventRounds "10"]
[EventCountry "HUN"]
[SourceTitle "CBM 153 Extra"]
[Source "ChessBase"]
[SourceDate "2013.04.22"]
[SourceVersion "1"]
[SourceVersionDate "2013.04.22"]
[SourceQuality "1"]

1. e4 e5 2. Nf3 Nc6 3. d4 exd4 4. Nxd4 Nxd4 5. Qxd4 Qe7 6. Nc3 Nf6 7. Bg5 c5 8. Qc4 Qe6 9. 0-0-0 Be7 10. f4 Qxc4 11. Bxc4 d5 12. exd5 Bd7 13. d6 Bd8 14. Rhe1+ Kf8 15. Re2 b6 16. Rde1 h6 17. Bh4 g5 18. fxg5 hxg5 19. Bxg5 Rxh2 20. Rf1 Kg7 21. Ref2 1-0

[Event "HUN-chT2 Toth 1213"]
[Site "Hungary"]
[Date "2012.11.04"]
[Round "3.3"]
[White "Donko, Matyas"]
[Black "Ujhazi, Mihaly"]
[Result "1-0"]
[WhiteElo "2075"]
[BlackElo "2098"]
[PlyCount "101"]
[EventDate "2012.09.16"]
[EventType "team-tourn"]
[EventRounds "11"]
[EventCountry "HUN"]
[SourceTitle "EXT 2014"]
[Source "ChessBase"]
[SourceDate "2013.11.20"]
[SourceVersion "1"]
[SourceVersionDate "2013.11.20"]
[SourceQuality "1"]
[WhiteTeam "Takisz"]
[BlackTeam "Maroczy II"]
[WhiteTeamCountry "HUN"]
[BlackTeamCountry "HUN"]

1. e4 e5 2. Nf3 Nc6 3. Bb5 a6 4. Ba4 Nf6 5. 0-0 Be7 6. Re1 b5 7. Bb3 0-0 8. c3 d6 9. h3 Na5 10. Bc2 c5 11. d4 Qc7 12. Nbd2 Ne8 13. Nf1 Bf6 14. Ne3 Be6 15. b3 cxd4 16. cxd4 exd4 17. Nxd4 Qc3 18. Nxe6 fxe6 19. Rb1 b4 20. Bd3 Qc5 21. Bd2 Bd4 22. Qe2 Nf6 23. Nc2 Nc6 24. Rbc1 Qb6 25. Nxd4 Nxd4 26. Qd1 a5 27. Be3 e5 28. Bc4+ Kh8 29. Rc2 Rad8 30. Rd2 d5 31. exd5 Nxd5 32. Bxd5 Rxd5 33. Qg4 Qd6 34. Red1 Rd8 35. Bg5 Rd7 36. h4 h6 37. Be3 Qf6 38. Qe4 Qd8 39. Kf1 Qb6 40. g3 Qb5+ 41. Kg2 Qc5 42. h5 Re7 43. Qg6 Rd6 44. Qe4 Red7 45. f4 Qc3 46. Rd3 Qc2+ 47. R1d2 Qb1 48. fxe5 Nxb3 49. exd6 Nxd2 50. Bxd2 Rxd6 51. Qe8+ 1-0

[Event "HUN-chT2 Toth 1213"]
[Site "Hungary"]
[Date "2012.09.16"]
[Round "1.3"]
[White "Donko, Matyas"]
[Black "Pal, Imre"]
[Result "1/2-1/2"]
[WhiteElo "2075"]
[BlackElo "2152"]
[PlyCount "64"]
[EventDate "2012.09.16"]
[EventType "team-tourn"]
[EventRounds "11"]
[EventCountry "HUN"]
[SourceTitle "EXT 2014"]
[Source "ChessBase"]
[SourceDate "2013.11.20"]
[SourceVersion "1"]
[SourceVersionDate "2013.11.20"]
[SourceQuality "1"]
[WhiteTeam "Takisz"]
[BlackTeam "Toth Laszlo II"]
[WhiteTeamCountry "HUN"]
[BlackTeamCountry "HUN"]

1. e4 c5 2. Nf3 d6 3. d4 cxd4 4. Nxd4 Nf6 5. Nc3 a6 6. Bg5 e6 7. f4 b5 8. Bd3 Nbd7 9. Qe2 Qb6 10. Nf3 Bb7 11. 0-0-0 Be7 12. Kb1 b4 13. Na4 Qc6 14. b3 Nxe4 15. Bxe7 Kxe7 16. Nd4 Qd5 17. Bxe4 Qxe4 18. Qd2 Bd5 19. Rhe1 Qxg2 20. Qxb4 Rhb8 21. Nf5+ Kf6 22. Qxd6 Kxf5 23. Qxd7 Rb7 24. Qd6 f6 25. Nc5 Rc8 26. Rc1 Rc6 27. Qf8 Rbc7 28. b4 Rc8 29. Qe7 R8c7 30. Qf8 Rc8 31. Qe7 R8c7 32. Qf8 Rc8 1/2-1/2